000 003060000a22001450004500
041 0 _aSPA
082 0 4 _aG 863 I15c
100 1 _aIcaza, Jorge (1906-)
245 1 0 _aCholos / Jorge Icaza
250 _a3
260 _aBogotá, Colombia : Plaza y Janés
300 _a287 Pag
001 11103
942 _cBK
999 _c40473
_d40473